Southville International School and Colleges
Your cart is empty.
  • Cart
  • Lists
    Public lists Eva Luna New books Lux_list list_1
    Your lists Log in to create your own lists
  • Log in to your account
  • Your cookies
  • Search history
Southville International School and Colleges
  • Advanced search
  • Recent comments
  • Most popular
  • Libraries

Log in to your account

Log in with GOOGLE


If you do not have an external account, but do have a local account, you can still log in:

  1. Home
  2. MARC view: Berenstain Bears: Visits the dentist (The) /
Normal view MARC view ISBD view

Berenstain Bears: Visits the dentist (The) / (Record no. 102639)

[ view plain ]
MARC details
000 -LEADER
fixed length control field 00667nam a2200217 a 4500
005 - DATE AND TIME OF LATEST TRANSACTION
control field 20140412111239.0
008 - FIXED-LENGTH DATA ELEMENTS--GENERAL INFORMATION
fixed length control field 010117s19uu xx 00 eng d
020 ## - INTERNATIONAL STANDARD BOOK NUMBER
International Standard Book Number 0-394-84836-5
050 ## - LIBRARY OF CONGRESS CALL NUMBER
Classification number TR(PS E
Item number Be35Vi 1981
050 ## - LIBRARY OF CONGRESS CALL NUMBER
Classification number ER
Item number Be35Vi 1981
100 ## - MAIN ENTRY--PERSONAL NAME
Personal name Berenstain, Stan
245 ## - TITLE STATEMENT
Title Berenstain Bears: Visits the dentist (The) /
Statement of responsibility, etc Stan and Jan Berenstain.
260 ## - PUBLICATION, DISTRIBUTION, ETC. (IMPRINT)
Place of publication, distribution, etc New York :
Name of publisher, distributor, etc Random House,
Date of publication, distribution, etc 1981.
300 ## - PHYSICAL DESCRIPTION
Extent 1 v. (unp.) ; ill. ; col.
440 ## - SERIES STATEMENT/ADDED ENTRY--TITLE
Title First Time Books
520 ## - SUMMARY, ETC.
Summary, etc Sister and Brother get some needed dental attention.
650 ## - SUBJECT ADDED ENTRY--TOPICAL TERM
Topical term or geographic name as entry element Bears -- Fiction
650 ## - SUBJECT ADDED ENTRY--TOPICAL TERM
Topical term or geographic name as entry element Dental care -- Fiction
Holdings
Withdrawn status Lost status Damaged status Use restrictions Home library Current library Shelving location Date acquired Source of acquisition Total Checkouts Full call number Barcode Date last seen Price effective from Koha item type
        Elizalde Library Elizalde Library Teachers Reference Section 01/17/2001     TR(PS E Be35Vi 1981 E2315 04/12/2014 04/12/2014 Books
        Elizalde Library Elizalde Library Easy Reading Section 04/25/2001     ER Be35Vi 1981 E7810 04/12/2014 04/12/2014 Books

Berenstain Bears: Visits the dentist (The) /

APA

Berenstain S., . (1981). Berenstain Bears: Visits the dentist (The). New York: Random House.

Chicago

Berenstain Stan, . 1981. Berenstain Bears: Visits the dentist (The). New York: Random House.

Harvard

Berenstain S., . (1981). Berenstain Bears: Visits the dentist (The). New York: Random House.

MLA

Berenstain Stan, . Berenstain Bears: Visits the dentist (The). New York: Random House. 1981.

  • Place hold
  • Print
  • Cite
  • Add to your cart (remove)
  • Save record
    BIBTEX Dublin Core MARCXML MARC (non-Unicode/MARC-8) MARC (Unicode/UTF-8) MARC (Unicode/UTF-8, Standard) MODS (XML) RIS
  • More searches
    Search for this title in:
    Other Libraries (WorldCat) Other Databases (Google Scholar) Online Stores (Bookfinder.com) Open Library (openlibrary.org)

Exporting to Dublin Core...

SOUTHVILLE LIBRARY

Southville International School and Colleges Library

1281 Tropical Ave. Cor. Luxembourg St., BF Homes International, Las Pinas City

Tel. No. 8256374 / 252358 Loc. 117/146

Powered by Koha